<?xml version="1.0" encoding="UTF-8"?><?xml-stylesheet type="text/xsl" href="static/style.xsl"?><OAI-PMH xmlns="http://www.openarchives.org/OAI/2.0/" xmlns:xsi="http://www.w3.org/2001/XMLSchema-instance" xsi:schemaLocation="http://www.openarchives.org/OAI/2.0/ http://www.openarchives.org/OAI/2.0/OAI-PMH.xsd"><responseDate>2026-04-17T05:32:48Z</responseDate><request verb="GetRecord" identifier="oai:www.recercat.cat:2099.1/11933" metadataPrefix="marc">https://recercat.cat/oai/request</request><GetRecord><record><header><identifier>oai:recercat.cat:2099.1/11933</identifier><datestamp>2025-07-22T20:47:19Z</datestamp><setSpec>com_2072_1033</setSpec><setSpec>col_2072_452951</setSpec></header><metadata><record xmlns="http://www.loc.gov/MARC21/slim" xmlns:dcterms="http://purl.org/dc/terms/" xmlns:xsi="http://www.w3.org/2001/XMLSchema-instance" xmlns:doc="http://www.lyncode.com/xoai" xsi:schemaLocation="http://www.loc.gov/MARC21/slim http://www.loc.gov/standards/marcxml/schema/MARC21slim.xsd">
   <leader>00925njm 22002777a 4500</leader>
   <datafield ind2=" " ind1=" " tag="042">
      <subfield code="a">dc</subfield>
   </datafield>
   <datafield ind2=" " ind1=" " tag="720">
      <subfield code="a">Burrel Diez, Carmen</subfield>
      <subfield code="e">author</subfield>
   </datafield>
   <datafield ind2=" " ind1=" " tag="260">
      <subfield code="c">2011-01-26</subfield>
   </datafield>
   <datafield ind2=" " ind1=" " tag="520">
      <subfield code="a">El present projecte té per objecte el disseny i càlcul d’acord amb la normativa&#xd;
vigent de la instal·lació solar fotovoltaica connectada a la xarxa per vendre&#xd;
l’energia produïda a la companyia subministradora i de la instal·lació elèctrica&#xd;
de un Centre Cultural amb servei de bar- restaurant que permeti realitzar&#xd;
l’activitat, ubicat al municipi de Pradell de la Teixeta.&#xd;
Per assolir els objectius aquest projecte, s’ha dividit en els següents apartats:&#xd;
1. Instal·lació d’energia solar fotovoltaica i estudi de viabilitat.&#xd;
2. Instal·lació elèctrica.&#xd;
3. Instal·lació de ventilació.&#xd;
4. Justificació del DB-SI del CTE.&#xd;
5. Justificació del Codi d’accessibilitat de Catalunya&#xd;
6. Plec de condicions tècniques de l’instal·lació solar fotovoltaica i de la&#xd;
instal·lació elèctrica.&#xd;
7. Estudi bàsic de seguretat i salut.&#xd;
S’ha projectat una instal·lació elèctrica que donarà servei a les instal·lacions del&#xd;
Centre Cultural i del Restaurant-Bar per tant, es contractarà un&#xd;
subministrament normal d’energia elèctrica de 87,00 kW, per poder realitzar&#xd;
l’activitat prevista.&#xd;
Tota aquesta instal·lació estarà protegida amb les seves corresponents&#xd;
proteccions.&#xd;
La instal·lació fotovoltaica, aquesta estarà formada per 248 panells de 285 W,&#xd;
en total la potència màxima del generador fotovoltaic serà de 70,680 kW, els&#xd;
panells estaràn situats a la coberta i façana posterior orientada al sur de&#xd;
l’edifici.&#xd;
En aquesta instal·lació s’estudiarà la viabilitat econòmica ja que aquesta&#xd;
instal·lació és costejarà mitjançant un crèdit bancari.&#xd;
La instal·lació de ventilació, constarà de les màquines necessàries per garantir&#xd;
el benestar de les persones.&#xd;
La instal·lació de prevenció contra incendis, es basa amb un estudi per tal&#xd;
d’obtenir una òptima seguretat i evacuació davant possibles incendis. Això es&#xd;
durà a terme mitjançant els requisits estructurals del propi edifici i dels diversos&#xd;
dispositius exigits de defensa contra incendi per la normativa vigent.&#xd;
Com a resultat de totes aquestes instal·lacions i estudis, s’ha aconseguit que&#xd;
les activitats que es duen a terme en aquest edifici es facin amb un correcte&#xd;
funcionament i una seguretat adequada.</subfield>
   </datafield>
   <datafield tag="653" ind2=" " ind1=" ">
      <subfield code="a">Àrees temàtiques de la UPC::Energies::Energia solar fotovoltaica::Instal·lacions solars de baixa potència connectades a la xarxa</subfield>
   </datafield>
   <datafield tag="653" ind2=" " ind1=" ">
      <subfield code="a">Photovoltaic power systems</subfield>
   </datafield>
   <datafield tag="653" ind2=" " ind1=" ">
      <subfield code="a">Solar</subfield>
   </datafield>
   <datafield tag="653" ind2=" " ind1=" ">
      <subfield code="a">Fotovoltaica</subfield>
   </datafield>
   <datafield tag="653" ind2=" " ind1=" ">
      <subfield code="a">Instal·lacions</subfield>
   </datafield>
   <datafield tag="653" ind2=" " ind1=" ">
      <subfield code="a">DB-SI del CTE</subfield>
   </datafield>
   <datafield tag="653" ind2=" " ind1=" ">
      <subfield code="a">Ventilació</subfield>
   </datafield>
   <datafield tag="653" ind2=" " ind1=" ">
      <subfield code="a">Viabilitat</subfield>
   </datafield>
   <datafield tag="653" ind2=" " ind1=" ">
      <subfield code="a">Accessibilitat</subfield>
   </datafield>
   <datafield tag="653" ind2=" " ind1=" ">
      <subfield code="a">Cultural</subfield>
   </datafield>
   <datafield tag="653" ind2=" " ind1=" ">
      <subfield code="a">Restaurant-Bar</subfield>
   </datafield>
   <datafield tag="653" ind2=" " ind1=" ">
      <subfield code="a">Instal·lacions fotovoltaiques</subfield>
   </datafield>
   <datafield ind2="0" ind1="0" tag="245">
      <subfield code="a">Instal·lació fotovoltaica per vendre a la xarxa en un centre cultural amb restaurant-bar</subfield>
   </datafield>
</record></metadata></record></GetRecord></OAI-PMH>